Traité pratique complet des maladies des femmes / (Record no. 156469)
[ view plain ]
| 000 -LEADER | |
|---|---|
| campo de control de longitud fija | 00743nam a22001695i 4500 |
| 001 - NÚMERO DE CONTROL | |
| campo de control | 156469 |
| 003 - IDENTIFICADOR DE NÚMERO DE CONTROL | |
| campo de control | ES-MaACL |
| 005 - FECHA Y HORA DE LA ÚLTIMA TRANSACCIÓN | |
| campo de control | 20230906210421.0 |
| 008 - DATOS DE LONGITUD FIJA--INFORMACIÓN GENERAL | |
| campo de control de longitud fija | 040805s1867 fr a |||| | fre d |
| 040 ## - FUENTE DE CATALOGACIÓN | |
| Centro catalogador/agencia de origen | CAM |
| Lengua de catalogación | spa |
| Centro/agencia transcriptor | CAM |
| 100 1# - ENTRADA PRINCIPAL--NOMBRE DE PERSONA | |
| Nombre de persona | Jozan de Saint-André, Émile. |
| 9 (RLIN) | 128379 |
| 245 10 - MENCIÓN DEL TÍTULO | |
| Título | Traité pratique complet des maladies des femmes / |
| Mención de responsabilidad, etc. | par Em. Jozan; illustré de 205 figures d'anatomie intercalées dans le texte. |
| 260 ## - PUBLICACIÓN, DISTRIBUCIÓN, ETC. | |
| Lugar de publicación, distribución, etc. | Paris : |
| Nombre del editor, distribuidor, etc. | L'auteur Dr. Jozan : |
| -- | H. Aniéré, |
| Fecha de publicación, distribución, etc. | 1867 ( |
| Fabricante | Typographie de Ad. R. Lainé et J. Havard) |
| 300 ## - DESCRIPCIÓN FÍSICA | |
| Extensión | 926 p. : |
| Otras características físicas | il. ; |
| Dimensiones | 18 cm. |
| 650 04 - PUNTO DE ACCESO ADICIONAL DE MATERIA--TÉRMINO DE MATERIA | |
| Término de materia o nombre geográfico como elemento de entrada | Aparato genital femenino- |
| Subdivisión general | Enfermedades. |
| 9 (RLIN) | 9910 |
| 852 ## - LOCALIZACIÓN | |
| Ubicación | ES-MaACL |
| Número de control de estantería | G-10725 |
| Nota libre | -- Enc. pasta española |
| -- | -- Legado Gustavo Sáenz Diez, Septiembre 1893 |
| Estatus retirado | Estado de pérdida | Estado de daño | No para préstamo | Colección | Biblioteca de origen | Biblioteca actual | Ubicación en estantería | Fecha de adquisición | Fuente de adquisición | Total de préstamos | Signatura topográfica completa | Código de barras | Visto por última vez | Precio de reemplazo | Tipo de ítem Koha |
|---|---|---|---|---|---|---|---|---|---|---|---|---|---|---|---|
| Libros del s. XIX | Biblioteca del Ateneo de Madrid | Biblioteca del Ateneo de Madrid | Sala Pecera Planta 3 | 17/01/2008 | G-10725 | 1163701 | 23/02/2023 | 23/02/2023 | Libro impreso antiguo |
